| 000 | 01324cam a2200409 4500 | ||
|---|---|---|---|
| 001 | 55460 | ||
| 003 | DO-SdBNP | ||
| 005 | 20240126081711.0 | ||
| 007 | 55460 | ||
| 008 | 090625s 2011 sp |||| 000 0 spa | ||
| 015 | _a | ||
| 017 |
_a _b |
||
| 020 | _a9788466321976 | ||
| 035 | _a | ||
| 040 |
_aBPMSU _bspa _cBPMSU _e |
||
| 080 | _a | ||
| 080 | _a | ||
| 082 | 4 |
_a158.1 _bC549l 2011 _222 |
|
| 100 | 1 |
_aChopra, Deepak, _d1947- |
|
| 245 | 1 | 3 |
_aEl libro de los secretos / _cDeepak Chopra ; traducción de Gerardo Hernández Clark. _b |
| 246 | 1 | 4 |
_aEl libro de los secretos : _bdescubre quiénes somos, de dónde venimos y por qué estamos en esta vida |
| 250 | _a 2a. ed. | ||
| 260 |
_a[Madrid] : _bSantillana Ediciones Generales, _c2011. |
||
| 300 |
_a308 p. ; _c19 cm |
||
| 490 | 0 |
_aPunto de lectura _v283/3 |
|
| 500 | _aIncluye datos biográficos del autor en la solapa | ||
| 534 |
_aTítulo original : _t The book of secrets: Unlocking the hidden simensions of your life. |
||
| 590 | _aInventariado, 2024/VM | ||
| 650 | 4 | _aVida espiritual | |
| 650 | 4 | _aMeditaciones | |
| 650 | 4 | _aEspiritualidad. | |
| 650 | 4 | _aPsicología aplicada | |
| 650 | 4 | _aHabilidades para la vida | |
| 700 | 1 |
_aHernández Clark, Gerardo, _etr. |
|
| 910 | _aVMateo V. Control de calidad. BPMSU | ||
| 942 |
_2ddc _cBK |
||
| 999 |
_c11352 _d11352 |
||